• 首页
  • 本馆介绍
  • 公告通知
  • 最新文献
  • 馆藏检索
  • 电子资源
  • 读者导购
  • 参考咨询
  • 我的图书馆
  • 登录
  • 详细信息显示
  • 放入我的书架
  • 预约/预借图书
  • 作者相关作品
  • 分类相关作品
  • 丛书相关作品
  • 出版社相关作品

书目信息

  • 表格格式
  • 工作单格式
  • 卡片格式
题名:
分析化验中常遇问题的处理方法
    
 
作者: 刘天煦 编著
分册:  
出版信息: 北京   化学工业出版社  2006
页数: 321页
开本: 21cm
丛书名:
单 册:
中图分类: TQ014
科图分类:
主题词: 化学工业--工业分析 , 化学工业--化学分析 , 化学工业 , 工业分析 , 化学分析
电子资源:
ISBN: 7-5025-8223-1
000 00920nam0 2200277 450
001 012007365632
005 20070517141356.48
010    @a7-5025-8223-1@dCNY22.00
100    @a20070427d2006 km y0chiy0120 ea
101 0  @achi
102    @aCN@b110000
105    @ay z 000yy
106    @ar
200 1  @a分析化验中常遇问题的处理方法@Afen xi hua yan zhong chang yu wen ti de chu li fang fa@f刘天煦编著@Fliu tian xu bian zhu
210    @a北京@c化学工业出版社@d2006
215    @a321页@d21cm
330    @a本书以问答题的形式介绍出现问题的原因和处理解决这些问题的方法。内容包括量值溯源和传递;常用的无机、有机化学分析和仪器分析检验方法,物理常数检验方法等。
606 0  @a化学工业@x工业分析
606 0  @a化学工业@x化学分析
606 0  @a化学工业
606 0  @a工业分析
606 0  @a化学分析
690    @aTQ014@v4
701  0 @a刘天煦@Aliu tian xu@4编著
801  0 @aCN@bRULIN@c20070517
905    @dTQ014@e108@s8
    
    分析化验中常遇问题的处理方法/刘天煦编著.-北京:化学工业出版社,2006
    321页;21cm
    
    
    ISBN 7-5025-8223-1:CNY22.00
    本书以问答题的形式介绍出现问题的原因和处理解决这些问题的方法。内容包括量值溯源和传递;常用的无机、有机化学分析和仪器分析检验方法,物理常数检验方法等。
●
相关链接 在E读中查询图书 在五车中查询图书 在当当中查询图书 在豆瓣中查询图书


正题名:分析化验中常遇问题的处理方法     索取号:TQ014/108         预约/预借

序号 登录号 条形码 馆藏地/架位号 状态 备注
1 0574453   205744532   第二样本阅览室/ [索取号:TQ014/108] 在馆    
2 0574454   205744541   第三借阅区/ [索取号:TQ014/108] 在馆    
3 0574455   205744550   密集书库/ [索取号:TQ014/108] 在馆    
4 0574456   205744569   密集书库/ [索取号:TQ014/108] 在馆    
5 0574457   205744578   第三借阅区/ [索取号:TQ014/108] 在馆    
6 0574458   205744587   第三借阅区/ [索取号:TQ014/108] 在馆    
7 0574459   205744596   第三借阅区/ [索取号:TQ014/108] 在馆    
8 0574460   205744603   密集书库/ [索取号:TQ014/108] 在馆    
唐山师范学院图书馆 欢迎您!
大连网信软件有限公司© 版权所有